000 00487nam a2200145Ia 4500
008 220216s9999 xx 000 0 und d
100 _aGeorge S
245 0 _aCoffee as an intercrop in mature rubber plantation
260 _bProceedings of the Fourth Indian Biodiversity Congress, 10-12 March 2017, Pondichery University, Puducherry, India. p.280.
650 _aCoffee
650 _aIntercrop
700 _aJoseph P
856 _uBibliographic details only from author
942 _cJS
999 _c55818
_d55818